| 000 | 01383nam0a22003131 4500 | ||
|---|---|---|---|
| 001 | rc\4391597 | ||
| 005 | 20130416145739.0 | ||
| 021 |
_aRU _b[57-16314] |
||
| 035 | _a(NLR Aleph) 008214197 | ||
| 090 |
_a8115474 _c8115474 |
||
| 100 | _a20130416d1957 |||y0rusy50 ca | ||
| 101 | 0 | _arus | |
| 102 | _aRU | ||
| 105 | _aa z ||||| | ||
| 200 | 1 |
_aНепрерывный замес теста для печенья _e(Работа написана по материалам центр. конструкторского бюро Главмашдетали) _fМ-во пром-сти продовольств. товаров СССР. Отд. техн. информации |
|
| 210 |
_aМосква _cПищепромиздат _d1957 |
||
| 215 |
_a32 с. _cчерт. _d20 |
||
| 225 | 1 | _aОбмен передовым техническим опытом | |
| 300 | _aПеред загл. авт.: Л.Г. Дадыкин, О.Г. Лунин, Л.И. Токарев | ||
| 606 |
_aПеченье _xПроизводство _xНепрерывно-поточный метод _2psbo |
||
| 606 |
_aТестомесильные машины _2psbo |
||
| 700 | 1 |
_aДадыкин _bЛ. Г. |
|
| 701 | 1 |
_aТокарев _bЛ. И. _gЛев Ильич |
|
| 701 | 1 |
_aЛунин _bО. Г. |
|
| 801 | 0 |
_aRU _bNLR _gpsbo |
|
| 801 | 1 |
_aRU _bELAR _2rusmarc |
|
| 852 |
_aNLR _j57-4/4666 |
||
| 942 | _cBOOK | ||
| 980 | _aNB | ||